| 000 -LEADER |
| fixed length control field |
02496cam a2200385 i 4500 |
| 001 - CONTROL NUMBER |
| control field |
19037063 |
| 005 - DATE AND TIME OF LATEST TRANSACTION |
| control field |
20221222131735.0 |
| 008 - FIXED-LENGTH DATA ELEMENTS--GENERAL INFORMATION |
| fixed length control field |
160331s2016 nyu b 001 0 eng |
| 010 ## - LIBRARY OF CONGRESS CONTROL NUMBER |
| LC control number |
2016010018 |
| 020 ## - INTERNATIONAL STANDARD BOOK NUMBER |
| International Standard Book Number |
9781627793810 (hardcover) |
| 020 ## - INTERNATIONAL STANDARD BOOK NUMBER |
| International Standard Book Number |
9781250114310 (international, sold outside the U.S., subject to rights availability) |
| 040 ## - CATALOGING SOURCE |
| Original cataloging agency |
DLC |
| Language of cataloging |
eng |
| Transcribing agency |
DLC |
| Description conventions |
rda |
| 042 ## - AUTHENTICATION CODE |
| Authentication code |
pcc |
| 043 ## - GEOGRAPHIC AREA CODE |
| Geographic area code |
n-us--- |
| 050 00 - LIBRARY OF CONGRESS CALL NUMBER |
| Classification number |
JZ1480 |
| Item number |
.C477 2016 |
| 082 00 - DEWEY DECIMAL CLASSIFICATION NUMBER |
| Classification number |
327.73,CHO |
| Edition number |
23 |
| 084 ## - OTHER CLASSIFICATION NUMBER |
| Classification number |
POL011000 |
| -- |
HIS037080 |
| Number source |
bisacsh |
| 100 1# - MAIN ENTRY--PERSONAL NAME |
| Personal name |
Chomsky, Noam, |
| Relator term |
author. |
| 9 (RLIN) |
22959 |
| 245 10 - TITLE STATEMENT |
| Title |
Who rules the world? / |
| Statement of responsibility, etc. |
Noam Chomsky. |
| 250 ## - EDITION STATEMENT |
| Edition statement |
First U.S. edition. |
| 264 #1 - PRODUCTION, PUBLICATION, DISTRIBUTION, MANUFACTURE, AND COPYRIGHT NOTICE |
| Place of production, publication, distribution, manufacture |
New York : |
| Name of producer, publisher, distributor, manufacturer |
Metropolitan Books, Henry Holt and Company, |
| Date of production, publication, distribution, manufacture, or copyright notice |
2016. |
| 300 ## - PHYSICAL DESCRIPTION |
| Extent |
viii, 307 pages ; |
| Dimensions |
25 cm |
| 336 ## - CONTENT TYPE |
| Content type term |
text |
| Content type code |
txt |
| Source |
rdacontent |
| 337 ## - MEDIA TYPE |
| Media type term |
unmediated |
| Media type code |
n |
| Source |
rdamedia |
| 338 ## - CARRIER TYPE |
| Carrier type term |
volume |
| Carrier type code |
nc |
| Source |
rdacarrier |
| 505 ## - FORMATTED CONTENTS NOTE |
| Formatted contents note |
The Responsibility of Intellectuals, Redux (Page-5), Terrorists Wanted the World Over (Page-22), The Torture Memos and Historical Amnesia (Page-31), The Invisible Hand of Power (Page-44), American Decline: Causes and Consequences (Page-57), Is America Over? (Page-67), Magna Carta, Its Fate, and Ours (Page-84), The Week the World Stood Still (Page-100), The Oslo Accords: Their Context, Their Consequences (Page-115), The Eve of Destruction (Page-128), Israel-Palestine: The Real Options (Page-135), “Nothing for Other People”: Class War in the United States (Page-143), Whose Security? How Washington Protects Itself and the Corporate Sector (Page-149), Outrage (Page-162), How Many Minutes to Midnight? (Page-179), Cease-fires in Which Violations Never Cease (Page-189), The U.S. Is a Leading Terrorist State (Page-198), Obama’s Historic Move (Page-202), “Two Ways About It” (Page-208), One Day in the Life of a Reader of the New York Times (Page-213), “The Iranian Threat”: Who Is the Gravest Danger to World Peace? (Page-218), The Doomsday Clock (Page-230), Masters of Mankind (Page-239). |
| 650 #0 - SUBJECT ADDED ENTRY--TOPICAL TERM |
| Topical term or geographic name entry element |
World politics |
| Chronological subdivision |
21st century. |
| 9 (RLIN) |
8465 |
| 650 #0 - SUBJECT ADDED ENTRY--TOPICAL TERM |
| Topical term or geographic name entry element |
Power (Social sciences) |
| 9 (RLIN) |
11467 |
| 650 #7 - SUBJECT ADDED ENTRY--TOPICAL TERM |
| Topical term or geographic name entry element |
POLITICAL SCIENCE / International Relations / General. |
| Source of heading or term |
bisacsh |
| 9 (RLIN) |
97134 |
| 650 #7 - SUBJECT ADDED ENTRY--TOPICAL TERM |
| Topical term or geographic name entry element |
HISTORY / Modern / 21st Century. |
| Source of heading or term |
bisacsh |
| 9 (RLIN) |
105682 |
| 651 #0 - SUBJECT ADDED ENTRY--GEOGRAPHIC NAME |
| Geographic name |
United States |
| General subdivision |
Foreign relations |
| Chronological subdivision |
21st century. |
| 9 (RLIN) |
105683 |
| 906 ## - LOCAL DATA ELEMENT F, LDF (RLIN) |
| a |
7 |
| b |
cbc |
| c |
orignew |
| d |
1 |
| e |
ecip |
| f |
20 |
| g |
y-gencatlg |
| 942 ## - ADDED ENTRY ELEMENTS (KOHA) |
| Source of classification or shelving scheme |
|
| Koha item type |
Book |
| Call number prefix |
327.73,CHO |